000
00311nam a2200121Ia 4500
008
150201s2007 xx 000 0 und d
082
_a
616
_b
H07R
100
_a
RAMRAKHA, PUNIT
245
_a
OXFORD HAND BOOK OF CARDIOLOGY
260
_b
OXFORD
_a
NEW YORK
_c
2007
650
_a
MEDICINE AND DIAGNOSIS
942
_2
ddc
_c
BK
999
_c
800
_d
800